| 000 | 00890nas a2200301 4500 | ||
|---|---|---|---|
| 001 | BR2012007244 | ||
| 003 | BR-BrBNA | ||
| 005 | 20231205121226.0 | ||
| 007 | ta | ||
| 008 | 230509b bl.|||p| |||| 00| 00por d | ||
| 040 |
_aBR-BrBNA _bpor _cBiblioteca Nacional de Agricultura |
||
| 041 | _a(Pt) | ||
| 072 | _aL73 | ||
| 100 | 1 | _aPachly, J.R. | |
| 100 | 1 | _aWerner, P.R. | |
| 100 | 1 | _aLange, R.R. | |
| 100 | 1 | _aJavorouski, M.L. | |
| 100 | 1 | _aPrazeres, R.F. | |
| 245 | 1 | _aPapilomatose cutânea em cachorro-vinagre (Speothus venaticus Lund, 1842)- primeiro relato de caso | |
| 650 | _aANIMAL SELVAGEM | ||
| 650 | _aNEOPLASIA | ||
| 650 | _aCIRURGIA | ||
| 650 | _aVETERINÁRIA | ||
| 650 | _aJARDIM ZOOLÓGICO | ||
| 773 | 0 |
_tMedvep Dermato (Brazil) _xISSN 2237-2768 _g(2012), v. 2(3) p. 134-137 _wBR2012007244 |
|
| 909 |
_a202311 _bLúcia _c55 _dLúcia Elande |
||
| 942 |
_2AGRIS _n0 _cANA |
||
| 999 |
_c222430 _d222430 |
||